[Event "Pardubice Czech op-D 29th"]
[Site "Pardubice"]
[Date "2018.07.21"]
[Round "1"]
[White "Kotlant, Tomas"]
[Black "Koscelansky, Peter"]
[Result "1-0"]
[WhiteElo "1664"]
[BlackElo "1205"]
[PlyCount "85"]
[EventDate "2018.07.21"]
[EventType "swiss"]
[EventRounds "9"]
[EventCountry "CZE"]
[SourceTitle "CBM 186 Extra"]
[Source "ChessBase"]
[SourceDate "2018.08.24"]
[SourceVersion "1"]
[SourceVersionDate "2018.08.24"]
[SourceQuality "1"]

1. e4 e5 2. Nc3 Nf6 3. f4 Nc6 4. fxe5 Nxe5 5. d4 Ng6 6. e5 Ng8 7. Nf3 d5 8. Bd3 Bg4 9. h3 Bxf3 10. Qxf3 Qh4+ 11. Qf2 Qxf2+ 12. Kxf2 c5 13. Bb5+ Kd8 14. Nxd5 cxd4 15. Bg5+ N8e7 16. Rad1 h6 17. Rxd4 hxg5 18. Nb6+ Kc7 19. Nxa8+ Kb8 20. Rhd1 Nc8 21. Rd8 Bc5+ 22. Kf1 Rxd8 23. Rxd8 Nxe5 24. Bd7 Nxd7 25. Rxd7 Bd6 26. Rxf7 Kxa8 27. Rxg7 Be7 28. b3 b6 29. Ke2 Kb7 30. Kd3 b5 31. Ke4 Kc6 32. Rg6+ Nd6+ 33. Ke5 b4 34. Ke6 Bd8 35. Rg8 Kc7 36. Rxd8 Kxd8 37. Kxd6 a6 38. Kc5 Ke7 39. Kxb4 Ke6 40. Kc4 Ke5 41. Kd3 Kf4 42. Ke2 Kg3 43. Kf1 1-0